Từ điển các món ăn Việt Nam
Đã lưu trong:
| Príomhúdar: | |
|---|---|
| Formáid: | Leabhar |
| Teanga: | Undetermined |
| Foilsithe: |
VHTT
1994
|
| Clibeanna: |
Cuir Clib Leis
Gan Chlibeanna, Bí ar an gcéad duine leis an taifead seo a chlibeáil!
|
| Thư viện lưu trữ: | Trung tâm Học liệu Trường Đại học Cần Thơ |
|---|
| LEADER | 00364nam a2200133Ia 4500 | ||
|---|---|---|---|
| 001 | CTU_53322 | ||
| 008 | 210402s9999 xx 000 0 und d | ||
| 082 | |a 641.5 | ||
| 082 | |b L406 | ||
| 100 | |a Nguyễn Loan | ||
| 245 | 0 | |a Từ điển các món ăn Việt Nam | |
| 260 | |b VHTT | ||
| 260 | |c 1994 | ||
| 980 | |a Trung tâm Học liệu Trường Đại học Cần Thơ | ||